书目信息 |
| 题名: |
西方政治制度史
|
|
| 作者: | 马啸原 著 | |
| 分册: | ||
| 出版信息: | 北京 高等教育出版社 2000 |
|
| 页数: | 396页 | |
| 开本: | 23cm | |
| 丛书名: | ||
| 单 册: | ||
| 中图分类: | D59 | |
| 科图分类: | ||
| 主题词: | 国际政治 | |
| 电子资源: | ||
| ISBN: | 7-04-007795-7 | |
| 000 | 00535Pam2 2200205 45 | |
| 001 | JMS0004637 | |
| 005 | 20060929173517.56 | |
| 010 | @a7-04-007795-7@d21.70元 | |
| 100 | @a20030410d2000 ekmy1chiy0120 ea | |
| 101 | 0 | @achi |
| 102 | @aCN@b110000 | |
| 200 | 1 | @a西方政治制度史@f马啸原著@Fma xiao yuan zhu |
| 210 | @a北京@c高等教育出版社@d2000 | |
| 215 | @a396页@d23cm | |
| 300 | @a面向21世纪课程教材 | |
| 606 | 0 | @a国际政治 |
| 690 | @aD59@v3 | |
| 701 | 0 | @a马啸原@Ama xiao yuan@4著 |
| 801 | 0 | @bTSSF@c20060929 |
| 905 | @a10447@dD59@e130 | |
| 西方政治制度史/马啸原著.-北京:高等教育出版社,2000 |
| 396页;23cm |
| 面向21世纪课程教材 |
| ISBN 7-04-007795-7:21.70元 |
| ● |
| 相关链接 |
|
|
|
|
正题名:西方政治制度史
索取号:D59/130
 
预约/预借
| 序号 | 登录号 | 条形码 | 馆藏地/架位号 | 状态 | 备注 |
| 1 | 0494015 | 204940154 | 第一借阅区/ [索取号:D59/130] | 在馆 | |
| 2 | 0494016 | 204940163 | 第一样本阅览室/ [索取号:D59/130] | 在馆 |